Carta con fecha 7 de diciembre de 1928 a Francisco Orozco y Jiménez
Síntesis: A través de esta carta el Lic. Palomar y Vizcarra le informa al Arzobispo Francisco Orozco y Jiménez que el de Michoacán ha hecho varios viajes a la Ciudad de México en actitudes sospechosa ya que se ha corrido el rumor de que se pretende llegar a un arreglo del conflicto religioso con el...
Guardat en:
| Autor principal: | |
|---|---|
| Format: | Llibre |
| Matèries: | |
| Etiquetes: |
Sense etiquetes, Sigues el primer a etiquetar aquest registre!
|
MARC
| LEADER | 00000nam^a2200000^a^4500 | ||
|---|---|---|---|
| 001 | 000251103 | ||
| 005 | 20250526000000.0 | ||
| 009 | 20260310105839.95 | ||
| 035 | |a R02106 | ||
| 037 | |a Acervo Xavier Clavigero | ||
| 082 | |a 21. 2 |b PAL V. LIBRO 12 DOC 61/77 | ||
| 100 | |a Palomar y Vizcarra, Miguel |e (autor) | ||
| 245 | 1 | 0 | |a Carta con fecha 7 de diciembre de 1928 a Francisco Orozco y Jiménez |
| 264 | |a s/l : |b Destinatario: Orozco y Jiménez, Francisco, Arzobispo, |c 1928 | ||
| 300 | |a 2 fojas, mecanuscrito copia, 21.5x28cms. | ||
| 336 | |a texto |b txt |2 rdacontenido | ||
| 337 | |a sin mediación |b n |2 rdamedio | ||
| 338 | |a volumen |b nc |2 rdasoporte | ||
| 520 | |a Síntesis: A través de esta carta el Lic. Palomar y Vizcarra le informa al Arzobispo Francisco Orozco y Jiménez que el de Michoacán ha hecho varios viajes a la Ciudad de México en actitudes sospechosa ya que se ha corrido el rumor de que se pretende llegar a un arreglo del conflicto religioso con el gobierno de Portes Gil, obligando a su Santidad aceptar ciertos pactos cojos. | ||
| 598 | |a Carta | ||
| 598 | |a En la biblioteca del ILFC, Guadalajara, Jal. | ||
| 598 | |a Lugares que cita el documento: Roma, Michoacán, México | ||
| 598 | |a Fecha que cita el documento: 1926 | ||
| 649 | |a XX | ||
| 650 | |a * Palomar y Vizcarra, Miguel - |x Correspondencia, memorias, etc | ||
| 650 | |a Iglesia y Estado - |z México | ||
| 650 | |a Portes Gil, Emilio | ||
| 600 | |a Calles, Plutarco Elías | ||
| 910 | |a Fondo Jesús Gómez Fregoso S.J. FXC | ||
| 920 | |a Impresos - Documentos | ||
| 930 | |a Libros Antiguos y Raros | ||
| 940 | |a Guerra Cristera | ||
| 905 | |a 110 | ||
| 901 | |a R02106 |b IT2 |c LRA |i R02106 |u 20250526 | ||
| 902 | |a https://opac.biblio.iteso.mx/vufind/Record/000251103 | ||